000 00754nam a2200229 i 4500
001 175902
003 ES-MaACL
005 20250805054625.0
007 t|
008 101130s1931 fr f ||||1| fre d
080 _a929 Carlos (436) I
100 1 _aTroud, Jérome.
_9111520
245 1 0 _aCharles Ier
_b: empereur d'Autriche : roi de Hongrie : avec 8 gravures hors texte /
_cJérome Troud.
250 _a3e éd.
260 _aParis :
_bPlon,
_ccop. 1931.
300 _aVIII, 244 p. , [1] de lám. bl. y n. ;
_c19 cm.
504 _aBibliografía: p. 239-241.
600 0 7 _aCarlos
_bI,
_cEmperador de Austria
_2
_9144113
651 4 _aAustria-
_xHistoria-
_y1867-1918.
_9158080
852 _aES-MaACL
_jF-13838
999 _c175902
_d175902